<?xml version="1.0" encoding="UTF-8"?>
<record
    xmlns:xsi="http://www.w3.org/2001/XMLSchema-instance"
    xsi:schemaLocation="http://www.loc.gov/MARC21/slim http://www.loc.gov/standards/marcxml/schema/MARC21slim.xsd"
    xmlns="http://www.loc.gov/MARC21/slim">

  <leader>04639cam a2200517Mi 4500</leader>
  <datafield tag="999" ind1=" " ind2=" ">
    <subfield code="c">27461</subfield>
    <subfield code="d">27461</subfield>
  </datafield>
  <controlfield tag="001">ocn896853458</controlfield>
  <controlfield tag="003">OCoLC</controlfield>
  <controlfield tag="005">20240801171629.0</controlfield>
  <controlfield tag="006">a|||||o||||</controlfield>
  <controlfield tag="007">cr cn|||||||||</controlfield>
  <controlfield tag="008">141112t19601960enka    ob    001 0 eng d</controlfield>
  <datafield tag="020" ind1=" " ind2=" ">
    <subfield code="a">9781483184562</subfield>
    <subfield code="q">(e-book)</subfield>
  </datafield>
  <datafield tag="020" ind1=" " ind2=" ">
    <subfield code="a">1483184560</subfield>
    <subfield code="q">(e-book)</subfield>
  </datafield>
  <datafield tag="020" ind1=" " ind2=" ">
    <subfield code="z">9780080095349</subfield>
  </datafield>
  <datafield tag="035" ind1=" " ind2=" ">
    <subfield code="a">(OCoLC)896853458</subfield>
    <subfield code="z">(OCoLC)896795348</subfield>
    <subfield code="z">(OCoLC)902311292</subfield>
  </datafield>
  <datafield tag="040" ind1=" " ind2=" ">
    <subfield code="a">E7B</subfield>
    <subfield code="b">eng</subfield>
    <subfield code="e">rda</subfield>
    <subfield code="e">pn</subfield>
    <subfield code="c">E7B</subfield>
    <subfield code="d">UIU</subfield>
    <subfield code="d">OCLCF</subfield>
    <subfield code="d">EBLCP</subfield>
    <subfield code="d">N$T</subfield>
    <subfield code="d">YDXCP</subfield>
    <subfield code="d">DEBSZ</subfield>
    <subfield code="d">OCLCQ</subfield>
    <subfield code="d">MERUC</subfield>
    <subfield code="d">STF</subfield>
    <subfield code="d">OCLCQ</subfield>
    <subfield code="d">OCLCO</subfield>
    <subfield code="d">OCLCQ</subfield>
    <subfield code="d">OCLCO</subfield>
  </datafield>
  <datafield tag="050" ind1=" " ind2="4">
    <subfield code="a">TD763</subfield>
    <subfield code="b">.P763 1960eb</subfield>
  </datafield>
  <datafield tag="072" ind1=" " ind2="7">
    <subfield code="a">BUS</subfield>
    <subfield code="x">032000</subfield>
    <subfield code="2">bisacsh</subfield>
  </datafield>
  <datafield tag="072" ind1=" " ind2="7">
    <subfield code="a">SOC</subfield>
    <subfield code="x">000000</subfield>
    <subfield code="2">bisacsh</subfield>
  </datafield>
  <datafield tag="082" ind1="0" ind2="4">
    <subfield code="a">363</subfield>
    <subfield code="2">23</subfield>
  </datafield>
  <datafield tag="245" ind1="0" ind2="0">
    <subfield code="a">Proceedings of the first International Conference on Waste Disposal in the Marine Environment :</subfield>
    <subfield code="b">University of California, Berkeley, July 22-25, 1959 /</subfield>
    <subfield code="c">edited by E.A. Pearson.</subfield>
  </datafield>
  <datafield tag="264" ind1=" " ind2="1">
    <subfield code="a">Oxford, England :</subfield>
    <subfield code="b">Pergamon Press,</subfield>
    <subfield code="c">1960.</subfield>
  </datafield>
  <datafield tag="264" ind1=" " ind2="4">
    <subfield code="c">&#xFFFD;1960</subfield>
  </datafield>
  <datafield tag="300" ind1=" " ind2=" ">
    <subfield code="a">1 online resource (580 pages) :</subfield>
    <subfield code="b">illustrations</subfield>
  </datafield>
  <datafield tag="336" ind1=" " ind2=" ">
    <subfield code="a">text</subfield>
    <subfield code="b">txt</subfield>
    <subfield code="2">rdacontent</subfield>
  </datafield>
  <datafield tag="337" ind1=" " ind2=" ">
    <subfield code="a">computer</subfield>
    <subfield code="b">c</subfield>
    <subfield code="2">rdamedia</subfield>
  </datafield>
  <datafield tag="338" ind1=" " ind2=" ">
    <subfield code="a">online resource</subfield>
    <subfield code="b">cr</subfield>
    <subfield code="2">rdacarrier</subfield>
  </datafield>
  <datafield tag="504" ind1=" " ind2=" ">
    <subfield code="a">Includes bibliographical references at the end of each chapters and index.</subfield>
  </datafield>
  <datafield tag="505" ind1="0" ind2=" ">
    <subfield code="a">Front Cover; Waste Disposal in the Marine Environment; Copyright Page; PREFACE; SPONS ORINGORGANIZATIONS; Table of Contents; CHAPTER 1. INTRODUCTION; CHAPTER 2. WELCOMINGADDRESS; CHAPTER 3. FIXED AND CHANGING VALVES INOCEAN DISPOSAL OFSEWAGE AND WASTES; CHAPTER 4. CHARACTERISTICS AND EXPEDITIOUS DETECTIONOF BACTERIAL INDICES OF POLLUTIONOF MARINE BATHING BEACHES; THE COLIFORM INDEX AND ILLNESS AMONG BATHERS; THE ENTEROCOCCUS GROUP AS AN INDEX OF POLLUTIONOF SALINE BATHING BEACHES; THE COLIFORM GROUP AND E. COLI AS INDICES OF POLLUTIONOF SALINE BATHING BEACHES.</subfield>
  </datafield>
  <datafield tag="505" ind1="8" ind2=" ">
    <subfield code="a">Characteristics of the coliform group of bacteriaobservations on presumptive test media for e.coli; procedures for expeditious determination of e.coliand coliform indices in water; summary and conclusions; references; chapter 5. the risk of infection through bathingin sewage -- polluted water; introduction; outbreaks wrongly ascribed to bathing; some recent investigations; conclusions; references; chapter 6. water pollution in marseilles andits relation with flora and fauna; former studies; physical and chemical factors affecting the port waters; marine flora and fauna of the ports.</subfield>
  </datafield>
  <datafield tag="505" ind1="8" ind2=" ">
    <subfield code="a">Method of studydistribution of foraminifera; summary; list of figures; chapter 11. discharge of wastes into the seain european coastal areas; part i: general considerationson the discharge of wastes into the sea; part il results of the investigation concerningdischarge into the sea; 1. results of the investigation concerning discharge ofsewage into the sea in various european countries; 2. discharge into the sea from the coast of continentalfrance; 3. conclusions; chapter 12. effect of the rhine on netherlands beaches; chapter 13. ocean currents, measurement of currentsand analysis of data.</subfield>
  </datafield>
  <datafield tag="505" ind1="8" ind2=" ">
    <subfield code="a">Introductiongeneral character of ocean currents; determination of coastal and estuarine currents; rotating element current meters; drift type current measuring systems; miscellaneous types of current meters; data recording and analysis; conclusions and recommendations; bibliography; chapter 14. diffusion of sewage effluentin an ocean -- current; introduction; diffusion analysis; application of results; typical procedure for planning an ocean outfall; summary; references; chapter 15. the empirical approach for determiningthe required length of an ocean outfall; summary; acknowledgments.</subfield>
  </datafield>
  <datafield tag="520" ind1=" " ind2=" ">
    <subfield code="a">Proceedings of the First International Conference on Waste Disposal in the Marine Environment.</subfield>
  </datafield>
  <datafield tag="588" ind1="0" ind2=" ">
    <subfield code="a">Online resource; title from PDF title page (ebrary, viewed November 12, 2014).</subfield>
  </datafield>
  <datafield tag="650" ind1=" " ind2="0">
    <subfield code="a">Waste disposal in the ocean.</subfield>
  </datafield>
  <datafield tag="650" ind1=" " ind2="0">
    <subfield code="a">Water</subfield>
    <subfield code="x">Pollution.</subfield>
  </datafield>
  <datafield tag="650" ind1=" " ind2="6">
    <subfield code="a">D&#xFFFD;echets</subfield>
    <subfield code="x">&#xFFFD;Elimination dans la mer.</subfield>
    <subfield code="0">(CaQQLa)201-0005871</subfield>
  </datafield>
  <datafield tag="650" ind1=" " ind2="7">
    <subfield code="a">BUSINESS &amp; ECONOMICS</subfield>
    <subfield code="x">Infrastructure.</subfield>
    <subfield code="2">bisacsh</subfield>
  </datafield>
  <datafield tag="650" ind1=" " ind2="7">
    <subfield code="a">SOCIAL SCIENCE</subfield>
    <subfield code="x">General.</subfield>
    <subfield code="2">bisacsh</subfield>
  </datafield>
  <datafield tag="650" ind1=" " ind2="7">
    <subfield code="a">Waste disposal in the ocean</subfield>
    <subfield code="2">fast</subfield>
    <subfield code="0">(OCoLC)fst01170983</subfield>
  </datafield>
  <datafield tag="650" ind1=" " ind2="7">
    <subfield code="a">Water</subfield>
    <subfield code="x">Pollution</subfield>
    <subfield code="2">fast</subfield>
    <subfield code="0">(OCoLC)fst01171279</subfield>
  </datafield>
  <datafield tag="700" ind1="1" ind2=" ">
    <subfield code="a">Pearson, E. A.,</subfield>
    <subfield code="e">editor.</subfield>
  </datafield>
  <datafield tag="776" ind1="0" ind2="8">
    <subfield code="i">Print version:</subfield>
    <subfield code="t">Proceedings of the first International Conference on Waste Disposal in the Marine Environment : University of California, Berkeley, July 22-25, 1959.</subfield>
    <subfield code="d">Oxford, England : Pergamon Press, &#xFFFD;1960</subfield>
    <subfield code="h">569 pages</subfield>
    <subfield code="z">9780080095349</subfield>
  </datafield>
  <datafield tag="856" ind1="4" ind2="0">
    <subfield code="3">ScienceDirect</subfield>
    <subfield code="u">https://www.sciencedirect.com/science/book/9780080095349</subfield>
  </datafield>
  <datafield tag="942" ind1=" " ind2=" ">
    <subfield code="2">ddc</subfield>
    <subfield code="c">EBK</subfield>
  </datafield>
</record>
